Convicción de fe y crítica racional
Guardat en:
| Autor corporatiu: | |
|---|---|
| Format: | Llibre |
| Idioma: | espanyol |
| Publicat: |
Salamanca
Sígueme
1973
|
| Edició: | 1a. ed |
| Col·lecció: | Lux Mundi, 32
|
| Matèries: | |
| Etiquetes: |
Afegir etiqueta
Sense etiquetes, Sigues el primer a etiquetar aquest registre!
|
MARC
| LEADER | 00000cam a2200000 a 4500 | ||
|---|---|---|---|
| 001 | UCE9679 | ||
| 003 | CL-VaPUC | ||
| 008 | 151029e19730000sp |||||||||||||||||spa|d | ||
| 020 | |a 8430104852 | ||
| 082 | 0 | 4 | |a 230 |b INS |2 21 |
| 110 | 2 | |a Instituto de Fe y Secularidad |e author |9 582565 | |
| 245 | 1 | 0 | |a Convicción de fe y crítica racional |
| 250 | |a 1a. ed | ||
| 300 | |a 405 p | ||
| 942 | |c BK | ||
| 945 | |d 20151029 22:28:00 |a gsalatino | ||
| 260 | |a Salamanca |b Sígueme |c 1973 | ||
| 650 | 0 | |a Teología |9 258766 | |
| 650 | 0 | |a Fe |9 308036 | |
| 650 | 7 | |a CRITICA DE LA RAZON |2 CL-VaPUC |9 502824 | |
| 583 | |a last modification |c 20151029 22:28:00 |k Rodrigo Vera | ||
| 490 | 0 | |a Lux Mundi, 32 | |
| 999 | |c 361324 |d 361322 | ||
| 952 | |0 0 |1 0 |3 erb |4 0 |6 230_000000000000000_INS_1973 |7 0 |8 P |9 471758 |a BIBTEO |b BIBTES |c TEO_FTES |i 520805K |o 230 INS 1973 |p 520805K |r 2024-01-18 |w 2019-11-24 |y BK |z Catalogado en:20151029 |k ICR | ||